[Event "Risaralda Province-ch"]
[Site "Pereira"]
[Date "2013.11.30"]
[Round "4"]
[White "Restrepo Sanchez, Diego Alejand"]
[Black "Mejia, Yesica"]
[Result "0-1"]
[WhiteElo "1650"]
[BlackElo "1873"]
[PlyCount "50"]
[EventDate "2013.11.27"]
[EventType "swiss"]
[EventRounds "7"]
[EventCountry "COL"]
[SourceTitle "EXT 2018"]
[Source "ChessBase"]
[SourceDate "2017.10.13"]
[SourceVersion "1"]
[SourceVersionDate "2017.10.13"]
[SourceQuality "1"]

1. d4 d5 2. c4 e6 3. Nc3 Nf6 4. Bg5 Be7 5. Nf3 a6 6. e3 0-0 7. Bd3 Nbd7 8. 0-0 dxc4 9. Bxc4 b5 10. Bd3 Bb7 11. Bxf6 Nxf6 12. Ne5 Rc8 13. a3 c5 14. b4 cxb4 15. Nb1 bxa3 16. Nxa3 Nd7 17. Nxd7 Qxd7 18. Qb3 Rc7 19. Rfc1 Rfc8 20. Rxc7 Rxc7 21. Nc2 g6 22. Nb4 Qc8 23. Rd1 Rc3 24. Qb1 Bxb4 25. Qxb4 Rxd3 0-1

[Event "Risaralda Province-ch"]
[Site "Pereira"]
[Date "2013.11.29"]
[Round "3"]
[White "Restrepo Sanchez, Diego Alejand"]
[Black "Pelaez, Hernan"]
[Result "1-0"]
[WhiteElo "1650"]
[BlackElo "1832"]
[PlyCount "99"]
[EventDate "2013.11.27"]
[EventType "swiss"]
[EventRounds "7"]
[EventCountry "COL"]
[SourceTitle "EXT 2018"]
[Source "ChessBase"]
[SourceDate "2017.10.13"]
[SourceVersion "1"]
[SourceVersionDate "2017.10.13"]
[SourceQuality "1"]

1. d4 c5 2. Nf3 Nf6 3. c4 Nc6 4. Nc3 Qa5 5. Bd2 Nxd4 6. Nxd4 cxd4 7. Nd5 Qc5 8. Bb4 Qxc4 9. e4 d3 10. Bxd3 Qd4 11. Nc7+ Kd8 12. Ba5 b6 13. Nxa8 bxa5 14. Qc2 Qb4+ 15. Ke2 Qb8 16. Rac1 Ne8 17. Qc3 e6 18. Qxa5+ Ke7 19. Nc7 Nd6 20. Nb5 Nxb5 21. Qxb5 Qxb5 22. Bxb5 Bb7 23. Rc7 Bxe4 24. Rxd7+ Kf6 25. f3 Bd5 26. Rd8 g6 27. b3 Kg7 28. Rc1 Ba3 29. Rxh8 Bxc1 30. Rc8 Bf4 31. g3 Be5 32. Bc6 Bxc6 33. Rxc6 h5 34. Ra6 Bd4 35. h3 e5 36. b4 f5 37. b5 g5 38. a4 Kf7 39. Rh6 e4 40. Rxh5 Kg6 41. g4 fxg4 42. hxg4 e3 43. Rh1 Kf6 44. Rh6+ Ke5 45. Rg6 Kf4 46. a5 Bc3 47. b6 axb6 48. axb6 Bd4 49. b7 Be5 50. Rg8 1-0

[Event "Bogota IRT Categoria B U17"]
[Site "Bogota"]
[Date "2013.10.24"]
[Round "5.12"]
[White "Daza Ramirez, Camilo"]
[Black "Restrepo Sanchez, Diego Alejand"]
[Result "1-0"]
[WhiteElo "1631"]
[BlackElo "1600"]
[PlyCount "57"]
[EventDate "2013.10.22"]
[EventType "swiss"]
[EventRounds "5"]
[EventCountry "COL"]
[SourceTitle "EXT 2024"]
[Source "ChessBase"]
[SourceDate "2023.10.10"]
[SourceVersion "1"]
[SourceVersionDate "2023.10.10"]
[SourceQuality "1"]

1. e4 c5 2. Nc3 d6 3. g3 Nf6 4. Bg2 e5 5. d3 Be7 6. f4 exf4 7. Bxf4 Nc6 8. Nf3 Bg4 9. Qd2 h6 10. 0-0 0-0 11. Rae1 Bxf3 12. Bxf3 Nd7 13. Nd5 Nde5 14. Bg2 Nd4 15. c3 Ne6 16. d4 Nxf4 17. gxf4 Nd7 18. e5 Bh4 19. Re2 dxe5 20. fxe5 Bg5 21. Qd3 Re8 22. Qf5 Rf8 23. Ref2 cxd4 24. cxd4 Nb6 25. Nf6+ gxf6 26. Be4 Re8 27. Qh7+ Kf8 28. exf6 Bxf6 29. Qxh6+ 1-0

[Event "Dosquebrad op"]
[Site "Dosquebrad"]
[Date "2013.06.22"]
[Round "7"]
[White "Restrepo Sanchez, Diego Alejand"]
[Black "Vargas, Edward Misael"]
[Result "0-1"]
[WhiteElo "1634"]
[BlackElo "1954"]
[PlyCount "46"]
[EventDate "2013.06.19"]
[EventType "swiss"]
[EventRounds "7"]
[EventCountry "COL"]
[SourceTitle "CBM 155 Extra"]
[Source "ChessBase"]
[SourceDate "2013.08.26"]
[SourceVersion "1"]
[SourceVersionDate "2013.08.26"]
[SourceQuality "1"]

1. d4 Nf6 2. c4 g6 3. Nc3 Bg7 4. e4 d6 5. f3 0-0 6. Be3 c6 7. Bd3 e5 8. d5 Ne8 9. Qd2 f5 10. Bh6 Qh4+ 11. g3 Qxh6 12. Qxh6 Bxh6 13. Nge2 Nf6 14. h4 fxe4 15. Nxe4 Nxe4 16. Bxe4 Bf5 17. g4 Bxe4 18. fxe4 Be3 19. Rh3 Bb6 20. h5 g5 21. h6 cxd5 22. cxd5 Nd7 23. Rh5 Bf2+ 0-1

[Event "Coliseo Menor op"]
[Site "Coliseo Menor"]
[Date "2011.11.30"]
[Round "2"]
[White "Restrepo Sanchez, Diego Alejand"]
[Black "Bohorquez Mahecha, Juan Pablo"]
[Result "1-0"]
[WhiteElo "1682"]
[BlackElo "1301"]
[PlyCount "91"]
[EventDate "2011.11.29"]
[EventType "swiss"]
[EventRounds "7"]
[EventCountry "COL"]
[SourceTitle "CBM 145 Extra"]
[Source "ChessBase"]
[SourceDate "2012.01.03"]
[SourceVersion "1"]
[SourceVersionDate "2012.01.03"]
[SourceQuality "1"]

1. d4 d5 2. c4 e6 3. Nc3 c5 4. e3 Nc6 5. Nf3 Nf6 6. Bd2 Bd7 7. cxd5 Nxd5 8. Nxd5 exd5 9. Bd3 Qc7 10. 0-0 0-0-0 11. Rc1 Kb8 12. dxc5 Rc8 13. h3 Na5 14. Bc3 Qd8 15. Ne5 Be6 16. b4 Nc6 17. f4 Nxe5 18. Bxe5+ Ka8 19. Qa4 f6 20. Bd4 Bd7 21. c6 a6 22. cxd7 Rxc1 23. Rxc1 Bd6 24. Rc8+ Qxc8 25. dxc8Q+ Rxc8 26. Bxa6 Kb8 27. Qd7 Rc1+ 28. Kh2 Bc7 29. Qe8+ Bd8 30. Qxd8+ Rc8 31. Ba7+ Kxa7 32. Qxc8 Kxa6 33. Qe6+ Kb5 34. Qxd5+ Kxb4 35. Qb3+ Kc5 36. Qxb7 Kc4 37. Qd7 Kb4 38. Qc6 Ka3 39. Qb5 Kxa2 40. Kg1 g5 41. fxg5 fxg5 42. Kf2 h5 43. Ke2 h4 44. Kd2 g4 45. Kc2 g3 46. Qb2# 1-0